| 000 | 01209nam0a22003011 4500 | ||
|---|---|---|---|
| 001 | v19\rc\1546979 | ||
| 005 | 20260405144719.0 | ||
| 035 | _a(NLR Aleph) 005235477 | ||
| 090 |
_a5649710 _c5649710 |
||
| 100 | _a20060620d1889 |||y0rusy50 ca | ||
| 101 | 0 | _arus | |
| 102 | _aRU | ||
| 105 | _ay ae ||||| | ||
| 200 | 1 |
_aБиблиографический словарь русских писательниц _f[Соч.] Кн. Н.Н. Голицына |
|
| 210 |
_aСанкт-Петербург _cтип. В.С. Балашева _d1889 |
||
| 215 |
_aVI, 308 с. _d23 |
||
| 300 | _aЧасть тир. без тит. л., обл. и предисл., вышла как прил. к Журн. М-ва нар. просвещения за 1888-1889 гг. (см. отд. оп.) | ||
| 700 | 1 |
_8rus _7ca _aГолицын _bН. Н. _f1836-1893 _gНиколай Николаевич _3RU\NLR\AUTH\7760269 _943200 |
|
| 801 | 2 |
_aRU _bNLR _c20080127 _2rusmarc |
|
| 801 | 0 |
_aRU _bNLR _c20060620 _gpsbo |
|
| 801 | 0 |
_aRU _bRuMoRGB _c20060620 _2psbo |
|
| 801 | 1 |
_aRU _bProSoft-M _c20060620 _2rusmarc |
|
| 852 |
_aNLR _j18.60.2.53 |
||
| 852 |
_aNLR _j321/1889 |
||
| 852 |
_aNLR _bМф _jК1/15582 |
||
| 942 | _cBOOK | ||
| 980 | _aNB | ||